000 00538nam a22001457a 4500
003 NUST
038 _aNusrat Nadeem
082 _a200
100 _aJoyo  Kommal Mumtaz
_9128622
245 _aDemystifying Impact Investment in Pakistan: An Exploratory Study on Perspectives and Motivations Driving Impact Investment in Social Startups/
_c Kommal Mumtaz Joyo
264 _aIslamabad.
_bNBS NUST
_c2025.
650 _aMS- Innovation and Entrepreneurship
_9114384
700 _aSupervisor: Dr. Owais Anwar Golra
_9114398
942 _2ddc
_cSC
999 _c613529
_d613529